| 000 | 00574 a2200205 4500 | ||
|---|---|---|---|
| 005 | 20260424152444.0 | ||
| 008 | 260424b |||||||| |||| 00| 0 eng d | ||
| 020 |
_a9788197951688 _cRs. 3995.00 |
||
| 040 | _aMAIN | ||
| 082 |
_a577 _bK167E |
||
| 100 | _aKaushik, Prashant | ||
| 245 | _aEcological and societal diversity in the epic padmaavat | ||
| 260 |
_bToday and Tommorow's Printers and Publishers _c2025 _aNew Delhi |
||
| 300 | _a 348 | ||
| 650 | _aEcology | ||
| 650 | _aHuman Biology | ||
| 650 | _aLife Sciences | ||
| 700 | _aKaushik, Purshotam | ||
| 942 | _cBK | ||
| 999 |
_c395714 _d395714 |
||